000 01556nam a2200253Ia 4500
999 _c51808
_d51808
001 18803
003 GE_BSU
005 20210412172934.0
008 181216s2015||||ge |||||||||||||| ||geo||
040 _cGE_BSU
041 _ageo
080 _a61 ქ-70
100 _aქოჩიაშვილი, გიორგი
_911248
245 _aალარმინების როლი ინტერსტიციული ცისტიტის ეტიოპათოგენეზები /
_cგიორგი ქოჩიაშვილი; სამეცნიერო ხელმძღვანელი: დავით ქოჩიაშვილი; თბილისის სახელმწიფო სამედიცინო უნივერსიტეტი.
264 _aთბილისი,
_c2015.
300 _a185 გვ.
_b30 სმ.
504 _aგამოყენებული ლიტერატურა: გვ. 159-185
653 _aალარმინების როლი ინტერსტიციული ცისტიტის ეტიოპათოგენეზები
653 _aდისერტაცია
653 _aმედიცინა
700 _a ქოჩიაშვილი, დავით.
_eსამეცნიერო ხელმძღვანელი
_911249
710 _aთბილისის სახელმწიფო სამედიცინო უნივერსიტეტი
_99697
942 _cBK
_2udc